Afghanistan of the Afghans (Record no. 527)

MARC details
000 -LEADER
fixed length control field 00606nam a2200241 a 4500
020 ## - INTERNATIONAL STANDARD BOOK NUMBER
ISBN
082 00 - DEWEY DECIMAL CLASSIFICATION NUMBER
Classification number 958.1
Author Cutter SHA
100 ## - MAIN ENTRY--AUTHOR NAME
Author name Shah Sirdar, Ikbal Ali
245 ## - TITLE STATEMENT
Title Afghanistan of the Afghans
260 ## - PUBLICATION, DISTRIBUTION, ETC. (IMPRINT)
Place of publication London
Name of publisher Diamond Press
Year of publication 1928
300 ## - PHYSICAL DESCRIPTION
Number of Pages 272p
500 ## - GENERAL NOTE
General note includes index and biblioraphy
505 2# - FORMATTED CONTENTS NOTE
Formatted contents note Ill, Numerous Illusrations and a Map
650 ## - SUBJECT ADDED ENTRY--TOPICAL TERM
Topical Term Afghanistan
942 ## - ADDED ENTRY ELEMENTS (KOHA)
Koha item type Books
700 1# -
-- Shah Sirdar, Ikbal Ali
Holdings
Home library Current library Date acquired Cost, normal purchase price Full call number Accession Number Koha item type
Henry Martyn Institute Library Henry Martyn Institute Library 09/17/2008 100.00 958.1 SHA 00430 Archive Book
                   Copyright © 2026 | Henry Martyn Institute | Hyderabad | TS-500052 | INDIA | Implemented by hmi.edu.in
Hit-Count:

Powered by Koha